| 000 | 00802cam a22002531 4500 | ||
|---|---|---|---|
| 001 | rc 01002479 | ||
| 003 | DLC | ||
| 005 | 20260227111906.0 | ||
| 007 | cr_||||||||||| | ||
| 008 | 780814s1879 alu 000 0deng | ||
| 010 | _arc 01002479 | ||
| 035 | _a(OCoLC)4138532 | ||
| 040 |
_aDLC _cABAU _dABAU _dDLC |
||
| 042 | _apremarc | ||
| 050 | 0 | 0 |
_aF334.S4 _bH2 |
| 100 | 1 |
_aHardy, John, _cof Selma, Ala. |
|
| 245 | 1 | 0 |
_aSelma: _bher institutions, and her men, _cby John Hardy. |
| 260 |
_aSelma, Ala., _bTimes Book and Job Office, _c1879. |
||
| 300 |
_a200 p. _c24 cm. |
||
| 530 | _aAlso available in digital form on the Internet Archive Web site. | ||
| 651 | 0 |
_aSelma (Ala.) _xHistory. |
|
| 651 | 0 |
_aSelma (Ala.) _xDescription and travel. |
|
| 856 | 4 | 1 | _uhttp://hdl.loc.gov/loc.gdc/scd0001.00145404095 |
| 999 |
_c52323 _d52323 |
||